LEADER 01418nam 2200373 450 001 990000784750203316 010 $a0-87352-692-9 035 $a0078475 035 $aUSA010078475 035 $a(ALEPH)000078475USA01 035 $a0078475 100 $a20011203d1997----km-y0itay0103----ba 101 $aeng 102 $aUS 105 $a||||||||001yy 200 1 $aInternational biblography of books and articles on the modern languages and literatures$e1996$fMLA 210 $aNew York$cThe modern language association of America$dc1997 215 $a5 v. in 1$d29 cm 327 1 $aV. 1: British and Irish, Commonwealth, English Caribbean, and American literatures. V. 2: European, Asian, African, and Latin American literatures. V. 3: Linguistics. V. 4: General literature and related topics. V. 5: Folklore 410 $12001 606 0 $aLingue moderne e letterature$xBibliografie$xPeriodici 676 $a016.8 710 02$aModern language association$0550396 801 0$aIT$bsalbc$gISBD 912 $a990000784750203316 951 $a016.8 MOD$bEC$c016.8 959 $aBK 969 $aECO 979 $aPATTY$b90$c20011203$lUSA01$h1221 979 $aPATTY$b90$c20011203$lUSA01$h1224 979 $c20020403$lUSA01$h1725 979 $aPATRY$b90$c20040406$lUSA01$h1654 996 $aInternational biblography of books and articles on the modern languages and literatures$9965727 997 $aUNISA LEADER 03098nam 22006015 450 001 996248237503316 005 20210120000823.0 010 $a0-520-91642-5 010 $a0-585-11457-9 024 7 $a10.1525/9780520916425 035 $a(CKB)111057870447326 035 $a(SSID)ssj0000122280 035 $a(PQKBManifestationID)11999524 035 $a(PQKBTitleCode)TC0000122280 035 $a(PQKBWorkID)10123882 035 $a(PQKB)11704891 035 $a(DE-B1597)543800 035 $a(DE-B1597)9780520916425 035 $a(OCoLC)1163878023 035 $a(EXLCZ)99111057870447326 100 $a20200707h19951995 fg 101 0 $aeng 135 $aur||#|||||||| 181 $ctxt 182 $cc 183 $acr 200 00$aCinema and the Invention of Modern Life /$fVanessa R. Schwartz, Leo Charney 205 $aReprint 2019 210 1$aBerkeley, CA :$cUniversity of California Press,$d[1995] 210 4$d©1995 215 $a1 online resource (424 p.) 300 $aBibliographic Level Mode of Issuance: Monograph 311 $a0-520-20112-4 311 $a0-520-20111-6 327 $tFrontmatter --$tCONTENTS --$tACKNOWLEDGMENTS --$tIntroduction --$tONE. Tracing the Individual Body: Photography, Detectives, and Early Cinema --$tTWO. Unbinding Vision: Manet and the Attentive Observer in the Late Nineteenth Century --$tTHREE. Modernity, Hyperstimulus, and the Rise of Popular Sensationalism --$tFOUR. The Poster in Fin-de-Siècle Paris: ?That Mobile and Degenerate Art? --$tFIVE. ?A New Era of Shopping?: The Promotion of Women?s Pleasure in London?s West End, 1909-1914 --$tSIX. Disseminations of Modernity: Representation and Consumer Desire in Early Mail-Order Catalogs --$tSEVEN. The Perils of Pathé, or the Americanization of Early American Cinema¹ --$tEIGHT. Panoramic Literature and the Invention of Everyday Genres --$tNINE. Moving Pictures: Photography, Narrative, and the Paris Commune of 1871 --$tTEN. In a Moment: Film and the Philosophy of Modernity --$tELEVEN. Cinematic Spectatorship before the Apparatus: The Public Taste for Reality in Fin-de-Siécle Paris --$tTWELVE. Effigy and Narrative: Looking into the Nineteenth-Century Folk Museum --$tTHIRTEEN. America, Paris, the Alps: Kracauer (and Benjamin) on Cinema and Modernity --$tCONTRIBUTORS --$tINDEX 606 $aMotion pictures$xSocial aspects$y20th century 606 $aPopular culture$xHistory 606 $aCulture in motion pictures 606 $aMusic, Dance, Drama & Film$2HILCC 606 $aFilm$2HILCC 615 0$aMotion pictures$xSocial aspects 615 0$aPopular culture$xHistory 615 0$aCulture in motion pictures 615 7$aMusic, Dance, Drama & Film 615 7$aFilm 676 $a302.23/43 702 $aCharney$b Leo$4edt$4http://id.loc.gov/vocabulary/relators/edt 702 $aSchwartz$b Vanessa R.$4edt$4http://id.loc.gov/vocabulary/relators/edt 801 0$bDE-B1597 906 $aBOOK 912 $a996248237503316 996 $aCinema and the Invention of Modern Life$91684257 997 $aUNISA